| 000 | 00619cam a2200205 a 4500 | ||
|---|---|---|---|
| 001 | 000009634 | ||
| 005 | 20200929161642.0 | ||
| 008 | 760322s1975 cu f000 0 spa | ||
| 040 |
_aDO-SdBNP _bspa _cLC _dBNPHU |
||
| 082 |
_aA862.44 _bG618r |
||
| 100 | 1 |
_aGoldenberg, Jorge. _924496 |
|
| 245 | 1 | 0 |
_aRelevo 1923 / _cJorge Goldenberg. |
| 260 |
_aLa Habana : _bCasa de las Américas, _c[1975]. |
||
| 300 |
_a96 p. ; _c20 cm. |
||
| 586 | _aPremio Casa de las Américas 1975 teatro. | ||
| 650 | 4 |
_aTeatro argentino _94843 |
|
| 650 | 4 |
_aLiteratura argentina _93860 |
|
| 910 | _aCatalogación por copia / LC | ||
| 049 | _aBNGR | ||
| 999 |
_c9394 _d9394 |
||